Prvý krok ku schváleniu noviel IAS 1 a IFRIC 14 v krajinách Európskej únie
Sekretariát Európskej komisie publikoval v máji 2008 odporúčanie Európskej poradnej skupiny pre finančné vykazovanie (EFRAG) týkajúce sa schválenia novely IAS 1 zo septembra 2007 a interpretácie IFRIC 14 z júla 2007. Bol to prvý krok k schváleniu uvedených noriem v členských krajinách Európskej únie...
Salvato in:
| Autore principale: | |
|---|---|
| Natura: | Capitolo di libro |
| Lingua: | slovacco |
| Soggetti: | |
| Tags: |
Nessun Tag, puoi essere il primo ad aggiungerne!!
|
MARC
| LEADER | 00000nla$a2200000$$$4500 | ||
|---|---|---|---|
| 001 | 0132588 | ||
| 005 | 20240502072512.5 | ||
| 041 | 0 | |a slo | |
| 044 | |a SK | ||
| 245 | 1 | 0 | |a Prvý krok ku schváleniu noviel IAS 1 a IFRIC 14 v krajinách Európskej únie |c Miloš Tumpach |
| 520 | |a Sekretariát Európskej komisie publikoval v máji 2008 odporúčanie Európskej poradnej skupiny pre finančné vykazovanie (EFRAG) týkajúce sa schválenia novely IAS 1 zo septembra 2007 a interpretácie IFRIC 14 z júla 2007. Bol to prvý krok k schváleniu uvedených noriem v členských krajinách Európskej únie. | ||
| 610 | 2 | 0 | |a štandardy účtovné medzinárodné |
| 610 | 2 | 0 | |a IFRS |
| 610 | 2 | 0 | |a Európska únia |
| 610 | 2 | 0 | |a IFRIC |
| 610 | 2 | 0 | |a IAS |
| 100 | 1 | |a Tumpach, Miloš, 1970- | |